000 00605nam a22002051c 4500
001 a987676984
008 160823s2015 gw |||| 000u ger d
020 _a9783838906287
_9978-3-8389-0628-7
041 _ager
100 1 _aJahn, Roland
245 0 0 _aWir Angepassten :
_bÜberleben in der DDR /
_cRoland Jahn. Unter Mitarb. von Dagmar Hovestädt
264 _aBonn :
_bBpB,
_c2015
300 _a191 S.
600 0 _aJahn, Roland
655 0 _aAutobiographie
942 _cMG
040 _cRU-10907106
003 RU-10907106
999 _c38583
_d38583
490 0 _aSchriftenreihe / Bundeszentrale für Politische Bildung
_v1628